000 00579nam a2200193Ia 4500
005 20250508165809.0
008 008 250505s9999 xx 000 0 eng d
037 _aTextBook
040 _aFEDL
_beng
_cFEDL
041 _aeng
_2eng
084 _a300.7, SAN/R
_qFEDL
100 _aSandeep Kumar
245 0 _aComplete resource for social sciences and pedagogy
260 _aNoida, India
_bPearson India Education Services Pvt. Ltd.
_c2017
300 _a408p.
546 _aGifted by Dr. Sandeep kumar
942 _cTB
_h300.7, SAN/R
999 _c1397511
_d1397511